Algebraic geometry : Bowdoin 1985 /

Bibliographic Details
Corporate Authors: Summer Research Institute on Algebraic Geometry, American Mathematical Society
Other Authors: Bloch, Spencer, Clemens, C. Herbert (Charles Herbert), 1939-
Format: Conference Proceeding Book
Language:English
Published: Providence, R.I. : American Mathematical Society, [1987]
Series:Proceedings of symposia in pure mathematics ; v. 46.
Subjects:

MARC

Tag First Indicator Second Indicator Subfields
LEADER 00000cam a2200000 a 4500
001 in00000013409
005 20151007052449.0
008 870428s1987 riua b 10000 eng
010 |a  87012306  
020 |a 0821814818 (set : alk. paper) 
020 |a 0821814761 (pt. 1 : alk. paper) 
020 |a 082181480X (pt. 2 : alk. paper) 
035 |a (OCoLC)15793515 
035 |9 AAA7896AM 
040 |a DLC  |c DLC  |d TXA  |d UtOrBLW 
049 |a TXAM  |d [  |v = pt.]  |v 1 [A12634464]  |v 2 [A12634472] 
050 0 0 |a QA564  |b .S86 1985 
082 0 |a 516.3/5  |2 19 
111 2 |a Summer Research Institute on Algebraic Geometry. 
245 1 0 |a Algebraic geometry :  |b Bowdoin 1985 /  |c Spencer J. Bloch, editor ; with the collaboration of H. Clemens [and others]. 
264 1 |a Providence, R.I. :  |b American Mathematical Society,  |c [1987] 
264 4 |c ©1987 
300 |a 2 volumes :  |b illustrations ;  |c 26 cm. 
336 |a text  |b txt  |2 rdacontent 
337 |a unmediated  |b n  |2 rdamedia 
338 |a volume  |b nc  |2 rdacarrier 
490 1 |a Proceedings of symposia in pure mathematics,  |x 0082-0717 ;  |v v. 46 
500 |a Proceedings of Summer Research Institute on Algebraic Geometry, Bowdoin College, Brunswick, Maine, July 8-26, 1985. 
504 |a Includes bibliographies. 
650 0 |a Geometry, Algebraic  |v Congresses. 
700 1 |a Bloch, Spencer. 
700 1 |a Clemens, C. Herbert  |q (Charles Herbert),  |d 1939- 
710 2 |a American Mathematical Society. 
830 0 |a Proceedings of symposia in pure mathematics ;  |v v. 46. 
999 |a MARS 
999 f f |s 7e716eb6-30e3-3d80-979e-50727aee318b  |i 114b04e5-8ea0-3f7d-83bc-6baea1a2cc90  |t 0 
952 f f |p ric  |a Texas A&M University  |b Rellis Campus  |c Joint Library Facility  |s JLF  |d Remote Storage  |t 0  |e QA564 .S86 1985  |h Library of Congress classification  |i unmediated -- volume  |k pt.2  |m A14812634472 
952 f f |p ric  |a Texas A&M University  |b Rellis Campus  |c Joint Library Facility  |s JLF  |d Remote Storage  |t 0  |e QA564 .S86 1985  |h Library of Congress classification  |i unmediated -- volume  |k pt.1  |m A14812634464 
998 f f |a QA564 .S86 1985  |s pt.1-pt.2  |t 0  |l Remote Storage